Normal view
MARC view
- Smith, Richard Albert Belcham. [from old catalog]
Entry Personal Name
001 - CONTROL NUMBER
- control field: 43844
003 - CONTROL NUMBER IDENTIFIER
- control field: NUST
005 - DATE AND TIME OF LATEST TRANSACTION
- control field: 20210314132809.0
008 - FIXED-LENGTH DATA ELEMENTS
- fixed length control field: 210314|| aca||aabn | a|a d
040 ## - CATALOGING SOURCE
- Original cataloging agency: NUST
- Transcribing agency: NUST
100 ## - HEADING--PERSONAL NAME
- Personal name: Smith, Richard Albert Belcham. [from old catalog]
670 ## - SOURCE DATA FOUND
- Source citation: Work cat.: (NUST): Smith, Richard Albert Belcham. [from old catalog], Design and construction of concrete roads /, [1946].
